Diagnóstico tecnológico del proceso de elaboración de pasta arcillosa para la producción de cerámica artística en el municipio de San Juan de Oriente

En este estudio se realizó diagnóstico del proceso para elaboración de pasta arcillosa usada en el sector cerámica del municipio de San Juan do Oliente, del departamento de Masaya. Para lograr el propósito se realizó una valoración do las propiedades tecnológicas físicas y mecánicas a 4 ba...

Full description

Bibliographic Details
Main Authors: García Pineda, Daniela del Socorro, Gonzáles Chavarría, Eveling María
Other Authors: Tutor: Ramírez Meza, Javier Enrique
Format: Tesis Section = Libro
Language:Undetermined
Spanish
Published: Managua UNI 2011
Subjects:
LEADER 01604nam a2200241Ia 4500
008 240830s9999 xx 000 0 und d
040 |a BIBLIOTECA-RUSB/ T.Mon 666.42 G216 
041 |a spa 
082 |a T.Mon 666.42 G216 
100 1 |a García Pineda, Daniela del Socorro 
100 1 |b  Gonzáles Chavarría, Eveling María 
245 1 0 |a Diagnóstico tecnológico del proceso de elaboración de pasta arcillosa para la producción de cerámica artística en el municipio de San Juan de Oriente 
260 |a Managua  |b UNI  |c 2011 
300 |a 110 p. :il. 
502 |a Tesis (Ingeniero Químico) - UNI, 2011. 
520 3 |a En este estudio se realizó diagnóstico del proceso para elaboración de pasta arcillosa usada en el sector cerámica del municipio de San Juan do Oliente, del departamento de Masaya. Para lograr el propósito se realizó una valoración do las propiedades tecnológicas físicas y mecánicas a 4 bancos de materiales usados por dos talleres productores de pasta también se realizó un análisis de distribución de tamaño de partículas a la arena de rio usada en el proceso productivo. Debido a la poca información se realizó una sistematización de la información del proceso productivo empleado en los talleres, así como un estudio de mercado para el año 2007, con una proyección para los próximos 5 años. 
650 7 |a ARCILLA - CERÁMICA 
650 7 |b  CERÁMICA - INDUSTRIAL 
650 7 |c  PRODUCCIÓN DE PASTA ARCILLOSA 
700 1 |a Tutor:  |b Ramírez Meza, Javier Enrique 
942 |c BK  |2 ddc 
991 |a TESIS 
999 |c 21935